000 01050nam a2200325 i 4500
001 173727
003 ES-MaACL
005 20230906215327.0
008 100113m20072012sp aco |||| |dspa d
020 _a978-84-612-2849-2 (v. 2)
020 _a978-84-612-2858-4 (v. 9)
080 _a94(460.181Bañeza)(089.3)
100 1 _aBlanco González, Conrado.
_929262
245 1 0 _aCapiteles para la historia bañezana /
_cConrado Blanco González.
260 _aLa Bañeza (León) :
_bMonte Riego,
_c[2007]-2012.
300 _av. :
_bil., fot. ;
_c20 cm.
490 1 _aCapiteles ;
_v2, 3, 4, 5, 9, 10
500 _aÍndices.
505 8 _aContiene: v. 2-5, 9-10
595 _av. 2, 4ª ed., 2010.
595 _av. 3, 2ª ed., 2010.
595 _av. 4, 3ª ed., 2010.
595 _av. 5, 2ª ed., 2011.
595 _av. 9, 1ª ed., 2009.
595 _av.10. 1ª ed. 2012.
651 4 _aLa Bañeza-
_vMisceláneas.
_98895
830 0 _aCapiteles ;
_v2, 3, 4, 5, 9, 10
_9228613
852 _aES-MaACL
_jP-2000
999 _c173727
_d173727